| 000 | 00408nam a2200145Ia 4500 | ||
|---|---|---|---|
| 008 | 230917s9999||||xx |||||||||||||| ||und|| | ||
| 040 |
_e102938 _aMAIN |
||
| 041 | _aEnglish | ||
| 082 | _a658.4092 M671M | ||
| 100 | _aWilliams, Michael | ||
| 245 | 0 | _aMastering leadership: key techniqhes for managing and leading a winning team | |
| 260 |
_aNew Delhi _bViva Books _c2003 |
||
| 300 | _a260p p. | ||
| 942 | _cBK | ||
| 999 |
_c118188 _d118188 |
||